Movies Quiz

Random Movies or Anime Quiz

Hayao Miyazaki Movies Quiz Stats

 Plays Quiz Updated Feb 6, 2020

Support Sporcle.
Go Orange.
Score 0/11 Timer 03:00
0 Plays Today
Year Film % Correct
2001Spirited Away
92.6%
1988My Neighbor Totoro
83.5%
2004Howl's Moving Castle
82.6%
1997Princess Mononoke
76.2%
2008Ponyo on the Cliff by the Sea
75.3%
1986Laputa: Castle in the Sky
63.1%
1989Kiki's Delivery Service
62.7%
2013The Wind Rises
50.9%
1992Porco Rosso
49.9%
1984NausicaƤ of the Valley of the Wind
46.1%
1979The Castle of Cagliostro
29.5%

From the Vault

When They Were Young

by SporcleAdmin

Apparently wine, cheese and celebrities get better with age.
Remove Ads.
Support Sporcle.
Get the best of Sporcle when you Go Orange. This ad-free experience offers more features, more stats, and more fun while also helping to support Sporcle. Thank you for becoming a member.

Show Comments

Extras

Top Quizzes Today


Score Distribution

Your Account Isn't Verified!

In order to create a playlist on Sporcle, you need to verify the email address you used during registration. Go to your Sporcle Settings to finish the process.

Report this User

Report this user for behavior that violates our Community Guidelines.

Details: